Las instituciones en Colombia : (Registro nro. 5035)
[ vista simple ]
| 000 -LEADER | |
|---|---|
| fixed length control field | 01367nam a2200265Ia 4500 |
| 003 - CONTROL NUMBER IDENTIFIER | |
| control field | OSt |
| 005 - DATE AND TIME OF LATEST TRANSACTION | |
| control field | 20200506093748.0 |
| 008 - FIXED-LENGTH DATA ELEMENTS--GENERAL INFORMATION | |
| fixed length control field | 191128s2012 ck gr 000 0 spa d |
| 020 ## - INTERNATIONAL STANDARD BOOK NUMBER | |
| International Standard Book Number | 9789586957694 |
| 040 ## - CATALOGING SOURCE | |
| Original cataloging agency | CO-JMCR |
| Transcribing agency | CO-JMCR |
| 041 0# - LANGUAGE CODE | |
| Language code of text/sound track or separate title | spa |
| 082 04 - DEWEY DECIMAL CLASSIFICATION NUMBER | |
| Classification number | 306.24 / |
| Item number | R618l |
| 100 1# - MAIN ENTRY--PERSONAL NAME | |
| Personal name | Rodríguez Garavito, César, |
| Relator term | coordinador |
| 9 (RLIN) | 3960 |
| 245 10 - TITLE STATEMENT | |
| Title | Las instituciones en Colombia : |
| Remainder of title | un análisis sociológico / |
| Statement of responsibility, etc. | coordinadores César Rodríguez Garavito y Alejandro Portes |
| 250 ## - EDITION STATEMENT | |
| Edition statement | Primera edición |
| 260 ## - PUBLICATION, DISTRIBUTION, ETC. | |
| Place of publication, distribution, etc. | Bogotá : |
| Name of publisher, distributor, etc. | Universidad de Los Andes, |
| Date of publication, distribution, etc. | 2012 |
| 300 ## - PHYSICAL DESCRIPTION | |
| Extent | 252 páginas ; |
| Dimensions | 24 cm. |
| 490 ## - SERIES STATEMENT | |
| Series statement | Estudios cijus |
| 505 ## - FORMATTED CONTENTS NOTE | |
| Formatted contents note | Instituciones y desarrollo : una revisión conceptual -- La paradoja de las instituciones colombianas : un análisis sociológico -- Vida, pasión y muerte de la administración postal Nacional de Colombia -- De club de caballeros a foro electrónico |
| 520 ## - SUMMARY, ETC. | |
| Summary, etc. | Existe un consenso sobre la importancia de las instituciones para el desempeño económico de los países. Sin embargo, se sabe muy poco sobre cómo funcionan las entidades públicas y privadas en la práctica y sobre su impacto social y económico. |
| 650 14 - SUBJECT ADDED ENTRY--TOPICAL TERM | |
| Topical term or geographic name entry element | Desempeño económico |
| Geographic subdivision | Colombia |
| 9 (RLIN) | 3961 |
| 650 24 - SUBJECT ADDED ENTRY--TOPICAL TERM | |
| Topical term or geographic name entry element | Seguridad social Instituciones |
| Geographic subdivision | Colombia |
| 9 (RLIN) | 3962 |
| 700 1# - ADDED ENTRY--PERSONAL NAME | |
| Personal name | Portes, Alejandro, |
| Relator term | coordinador |
| 9 (RLIN) | 3963 |
| 942 ## - ADDED ENTRY ELEMENTS (KOHA) | |
| Source of classification or shelving scheme | Dewey Decimal Classification |
| Koha item type | Books |
| Withdrawn status | Lost status | Source of classification or shelving scheme | Materials specified (bound volume or other part) | Damaged status | Not for loan | Home library | Current library | Shelving location | Date acquired | Source of acquisition | Cost, normal purchase price | Total Checkouts | Full call number | Barcode | Date last seen | Copy number | Price effective from | Koha item type |
|---|---|---|---|---|---|---|---|---|---|---|---|---|---|---|---|---|---|---|
| Dewey Decimal Classification | Donación--15/04/2018-- | Biblioteca Pública José María del Castillo y Rada | Biblioteca Pública José María del Castillo y Rada | General Stacks | 11/28/2019 | Donación | 0.00 | 306.24 / R618l | 430001178 | 05/16/2024 | Ej.1 | 11/28/2019 | Books |